=LDR 00000nam 2200000 4500 =001 INLIS000000000038160 =005 20130612143838 =008 ***********************************Ind** =035 ##$$a0010-061300000038160 =041 ##$$a Ind =082 ##$$a 813 =090 ##$$a 813 , Hak r =100 ##$$a Hakim, Aby =245 ##$$a Rahasia besar cermin cinta , Aby hakim =850 ##$$a NBPNMAT =990 ##$$a 90234/BPAP-NTB/2014